[Event "Windsor NAYCC U12"]
[Site "Windsor"]
[Date "2016.08.10"]
[Round "7.103"]
[White "Li, Si R"]
[Black "Yeung, Wesley"]
[Result "1-0"]
[WhiteElo "1366"]
[BlackElo "1515"]
[PlyCount "57"]
[EventDate "2016.08.07"]
[EventType "swiss"]
[EventRounds "9"]
[EventCountry "CAN"]
[SourceTitle "EXT 2022"]
[Source "ChessBase"]
[SourceDate "2021.10.06"]
[SourceVersion "1"]
[SourceVersionDate "2021.10.06"]
[SourceQuality "1"]

1. e4 c5 2. Nf3 d6 3. d4 cxd4 4. Nxd4 Nf6 5. Nc3 g6 6. Be3 Bg7 7. f3 0-0 8. Bc4 Nc6 9. Qd2 Bd7 10. Bb3 Rc8 11. 0-0-0 Nxd4 12. Bxd4 b5 13. h4 a5 14. h5 a4 15. Bxf6 Bxf6 16. hxg6 e6 17. Kb1 Qe7 18. Rxh7 axb3 19. Rdh1 bxc2+ 20. Kxc2 Bg5 21. gxf7+ Rxf7 22. Rh8+ Kg7 23. R8h7+ Kf6 24. R7h6+ Bxh6 25. Qxh6+ Ke5 26. Rh5+ Kd4 27. Qd2+ Kc4 28. Qd3+ Kb4 29. Rxb5+ 1-0